[Event "Dos Hermanas"]
[Site "Dos Hermanas"]
[Date "1992.??.??"]
[Round "2"]
[White "Cramling, Pia"]
[Black "Yudasin, Leonid"]
[Result "1/2-1/2"]
[WhiteElo "2530"]
[BlackElo "2580"]
[Annotator "Stohl,I"]
[PlyCount "84"]
[EventDate "1992.05.??"]
[EventType "tourn"]
[EventRounds "9"]
[EventCountry "ESP"]
[EventCategory "10"]
[SourceTitle "CBM 031"]
[Source "ChessBase"]
[SourceDate "1992.12.01"]
[SourceVersion "1"]
[SourceVersionDate "1992.12.01"]
[SourceQuality "1"]

1. d4 Nf6 2. c4 e6 3. Nf3 c5 4. d5 exd5 5. cxd5 d6 6. Nc3 g6 7. h3 a6 8. a4 Bg7
9. e4 O-O 10. Bd3 Re8 (10... Nbd7 11. Bf4 Qe7 12. O-O Nh5 13. Bh2 Bh6 14. Re1
f6 15. a5 Ne5 16. Na4 Bf4 17. Nb6 Rb8 18. Bf1 Bd7 19. b4 $1 $16 {Piket,
J-Romanishin,O,Manila olm 1992}) (10... Nh5 11. O-O Nd7 12. Bg5 Bf6 13. Bh6 Re8
14. Qd2 Bg7 15. Bg5 Qc7 16. Rfe1 Rb8 17. Bf1 (17. g4 $5 $36) 17... Ne5 18. Nxe5
Bxe5 19. g4 Nf6 $13 {San Segundo,P-Wojtkiewicz,A,New York op 1990-EXP 16}) 11.
O-O Nh5 12. Re1 Nd7 13. Be3 Ne5 14. Be2 Nxf3+ 15. Bxf3 Nf6 16. Bf4 Nd7 $1 17.
Bxd6 Qb6 18. e5 $8 Nxe5 19. Bxe5 Rxe5 $5 {N} (19... Bxe5 20. a5 Qd8 21. d6 Re6
22. Qb3 Qxd6 23. Bd5 Re7 24. Ne4 Qc7 25. Ng5 $44 {|^,Polgar,Zs-Yudasin,L,
Pamplona 1991-CBM 28}) 20. Rxe5 (20. a5 $2 Qxb2 $17) 20... Bxe5 21. Qe2 f6 $8 (
21... Qd6 22. Ne4 $16 Qxd5 $2 23. Nf6+) 22. a5 Qc7 23. Qc4 Kg7 24. Ne4 Bf5 $1
25. d6 (25. Nxc5 Rc8 (25... Bxb2 $4 26. Ne6+ $18) 26. Ne6+ (26. Rc1 Qxa5 27. b4
Qa3 $15) 26... Bxe6 27. Qxc7+ Rxc7 28. dxe6 Bxb2 29. Rb1 Rc1+ $10) (25. Qxc5
Rc8 $1 (25... Qxc5 26. Nxc5 Bxb2 27. Rd1 $14) 26. Qxc7+ (26. Qe3 Qc2 $44) 26...
Rxc7 27. d6 Rd7 28. Nc5 Rxd6 29. Bxb7 (29. Nxb7 Rd2 $132) 29... Bxb2 30. Ra2
Rd1+ 31. Kh2 Be5+ 32. g3 Ra1 33. Rxa1 Bxa1 34. Bxa6 Bc3 $10) (25. Rd1 Bxe4 26.
Bxe4 Qd6 $10) 25... Bxd6 26. Nxd6 Qxd6 27. Bxb7 $14 {><a6,׻} Ra7 28. Bf3 (28.
Be4 Bxe4 29. Qxe4 Re7 30. Qc4 Rb7 $10) 28... Bd3 $5 29. Rd1 Rd7 $8 (29... Bxc4
30. Rxd6 $16 {_|_}) 30. Qc3 c4 31. Re1 (31. b3 Qa3 (31... cxb3 $2 32. Be2 b2
33. Qxb2 $18) 32. Be4 (32. Be2 Rd5 33. Bxd3 cxd3 34. Rxd3 Rxd3 35. Qxd3 Qxa5
$10) 32... Qe7 $1 33. Bxd3 cxd3 34. Rxd3 Rxd3 35. Qxd3 Qe1+ $10) (31. Be2 $6
Qe5 $36) 31... Rc7 (31... Qd4 $2 32. Qxd4 Rxd4 33. Re7+ $16 {/\Ra7}) 32. Bg4 {
/\Re6} Re7 33. Rxe7+ Qxe7 34. Bf3 (34. b3 cxb3 $1 {/\} 35. Qxd3 $2 Qe1+ 36. Qf1
Qxf1+ 37. Kxf1 b2 $19) 34... Qd6 35. Qe1 Bf5 36. Qe3 {/\Qb6} Qb4 37. Qc3 (37.
Qb6 Qe1+ 38. Kh2 Qe5+ 39. g3 Qe1 $10) 37... Qb5 (37... Qxc3 $2 38. bxc3 $18 {
/\Bb7,Bd5}) 38. Qa3 (38. Be2 Bd3 $10) 38... Qe5 39. Qc3 Qb5 40. Qa3 Qe5 41. Qb4
Be4 $1 42. Bxe4 (42. Qxc4 Bxf3 43. gxf3 Qe1+ $10) (42. Be2 Bd3 $10) 42... Qxe4
{[Stohl]} (42... Qxe4 43. Qb6 h5 $1 44. Qxa6 Qb1+ 45. Kh2 Qxb2 46. Qxc4 Qe5+
$10) 1/2-1/2

[Event "Azov"]
[Site "Azov"]
[Date "1995.??.??"]
[Round "1"]
[White "Zakharevich, Igor"]
[Black "Berelowitsch, Alexander"]
[Result "1/2-1/2"]
[WhiteElo "2425"]
[BlackElo "2485"]
[Annotator "Stohl,I"]
[PlyCount "85"]
[EventDate "1995.??.??"]
[EventType "tourn"]
[EventRounds "13"]
[EventCountry "RUS"]
[EventCategory "8"]
[SourceTitle "CBM 046"]
[Source "ChessBase"]
[SourceDate "1995.06.01"]
[SourceVersion "1"]
[SourceVersionDate "1995.06.01"]
[SourceQuality "1"]

1. d4 Nf6 2. c4 e6 3. Nf3 c5 4. d5 exd5 5. cxd5 d6 6. Nc3 g6 7. h3 Bg7 8. e4
O-O 9. Bd3 b5 10. Nxb5 Re8 (10... Nxe4 $6 11. Bxe4 Re8 12. Ng5 $1 $16) 11. Bg5
$5 (11. Nc3 Nxe4 12. Nxe4 f5 13. Bg5 Qd7 14. Nfd2 Ba6 $1 15. Bxa6 Nxa6 16. O-O
fxe4 17. Nc4 Nb4 18. Qd2 Nd3 19. Rad1 Ne5 20. Nxe5 Bxe5 $10 {1/2:1/2,Chernin,
A-Gdanski,J/Polanica Zdroj/1992/}) (11. Nd2 $5 Nxd5 12. Nc4 Nb4 13. Be2 $146
Ba6 14. Nbxd6 Re6 15. Bf4 Bd4 16. O-O Bxc4 17. Nxc4 Rxe4 18. Bf3 Rxf4 19. Bxa8
Rxf2 20. Rxf2 Nd3 21. Qf3 Nxf2 22. Kf1 Nd7 23. Re1 $16 {Sapis,W-Ciemniak,R/
POL-chT Lubniewice/1994/}) 11... Qb6 12. Bxf6 Bxf6 13. Qb3 $1 $146 (13. Qc2 $6
Na6 14. a3 Bd7 15. Nc3 Rab8 16. Rb1 c4 17. Be2 Bxc3+ 18. Qxc3 Nc5 19. O-O Nxe4
20. Qxc4 Ng3 $17 {Kalinichev,S-Semeniuk,A/Leningrad-chT/1989/}) 13... Na6 14.
O-O Nb4 15. Nd2 $1 (15. a3 Nxd3 16. Qxd3 Bd7 17. a4 a6 $36) 15... Nxd3 (15...
Rb8 16. a4 {/\Nc4,><d6}) 16. Qxd3 Ba6 (16... Bd7 17. a4 a6 18. Nc4 Bxb5 19.
axb5 Qxb5 20. Ra5 $14) 17. a4 Reb8 18. Qf3 $1 (18. Nc4 Bxb5 19. axb5 Qxb5 20.
Ra5 $36) 18... Bxb5 19. axb5 Bxb2 20. Ra2 (20. Nc4 Qxb5 21. Nxd6 Qd7 22. Ra6
Rb4 $1 $36 {/\Be5,c4}) 20... Bd4 (20... Qxb5 $2 21. Rb1 $18) 21. Rb1 Qc7 22.
Nc4 Qd7 23. Qg4 $2 (23. Ra6 $142 $1 $36 {/\} Rxb5 24. Rxb5 Qxb5 25. Qxf7+ $1
Kxf7 (25... Kh8 26. Rxa7 $1 $18) 26. Nxd6+ Ke7 27. Nxb5 $18) 23... f5 $8 24.
exf5 Rxb5 25. Rc1 a5 (25... Qxf5 26. Qxf5 gxf5 27. Nxd6 {/\Nf5+/-}) 26. fxg6
Qxg4 27. gxh7+ Kxh7 28. hxg4 a4 $132 29. Rcc2 (29. Nxd6 Rb2 $44 30. Rc2 $2 Rb1+
31. Kh2 Be5+ $19) 29... Rb3 30. Nd2 Kg6 $1 (30... Rb7 $5 $44) 31. Rxa4 (31.
Nxb3 $2 axb3 32. Rxa8 bxc2 $19) 31... Rxa4 32. Nxb3 Be5 33. g3 (33. f3 $5 Rb4
34. Nd2 Rd4 $44) 33... Rxg4 34. Kg2 c4 35. Na5 c3 {/\Rb4-b2} 36. f4 Bxf4 $1 37.
Kf3 Kf5 38. gxf4 Rxf4+ 39. Ke3 Re4+ 40. Kd3 Ke5 $10 41. Nc4+ Kxd5 42. Ne3+ (42.
Nb6+ Ke5 43. Nd7+ Kf5 44. Rf2+ Rf4 $10) 42... Ke5 43. Re2 (43. Rxc3 Ra4 $10) (
43. Re2 d5 $10) 1/2-1/2

[Event "RUS-Cup final"]
[Site "Ekaterinburg"]
[Date "1999.??.??"]
[Round "6"]
[White "Zakharevich, Igor"]
[Black "Shcherbakov, Ruslan"]
[Result "0-1"]
[WhiteElo "2532"]
[BlackElo "2559"]
[Annotator "Stohl,I"]
[PlyCount "108"]
[EventDate "1999.08.28"]
[EventType "tourn"]
[EventRounds "11"]
[EventCountry "RUS"]
[EventCategory "11"]
[SourceTitle "CBM 075"]
[Source "ChessBase"]
[SourceDate "2000.04.05"]
[SourceVersion "1"]
[SourceVersionDate "2000.04.05"]
[SourceQuality "1"]

1. d4 Nf6 2. c4 e6 3. Nf3 c5 4. d5 exd5 5. cxd5 d6 6. Nc3 g6 7. h3 Bg7 8. e4
O-O 9. Bd3 b5 10. Nxb5 Re8 11. O-O Nxe4 12. Re1 a6 13. Qa4 Bd7 {This was the
move played in the first games with 13.Qa4, currently it's reputation is not
too high.} ({Black has turned to the more modern continuation, introduced by
Topalov:} 13... Nd7 $1 14. Rxe4 Rxe4 15. Qxe4 Nf6 16. Qh4 (16. Qe2 axb5 17.
Bxb5 Bb7 18. Bg5 Bxd5 19. a4 h6 20. Bf4 {1/2,Avrukh,B-Pigusov,E/Linares op/
1997/} Nh5 $11) 16... axb5 17. Bxb5 Qb6 (17... Bb7 18. Bg5 Bxd5 19. Nh2 (19. a4
Bxf3 20. gxf3 d5 21. Re1 Qb6 22. b3 Nh5 23. Be3 Qd6 24. Bg5 Qb6 25. Bd2 $15 {
1/2,Arlandi,E-Madl,I/Mitropa Portoroz/1998/}) 19... h6 20. Bxh6 Bxh6 21. Qxh6
Rxa2 22. Rxa2 Bxa2 $11 {1/2, Gonzalez,J-Norgaard,J/Merida/1997/}) 18. a4 Bb7
19. Bh6 Bxd5 20. Nd2 (20. Bxg7 Kxg7 21. Nd2 Be6 22. b4 Rc8 23. Rc1 d5 24. bxc5
Rxc5 25. Rxc5 Qxc5 26. Nb3 Qc2 27. Nd4 Qd1+ 28. Bf1 Bd7 29. Nb5 Ne4 30. Qe7
$132 {Miniboeck,G-Palkovi,J/Vienna Schlechter mem op/1996/}) 20... Qb7 21. Bxg7
Kxg7 22. Qg3 Nh5 23. Qc3+ Kg8 24. f3 Qe7 25. Ne4 $6 Bxe4 26. fxe4 Qxe4 27. Re1
Qb7 28. Rf1 Ng7 $15 {/-/+,Lobron,E-Topalov,V/Dortmund/1996/}) (13... Nf6 $5 14.
Bg5 Bd7 15. Rxe8+ (15. Qa3 $5 c4 16. Bxc4 axb5 17. Qxa8 bxc4 18. Nd2 $14) 15...
Bxe8 16. Re1 h6 17. Bh4 g5 18. Bg3 Qb6 19. Rxe8+ Nxe8 20. Nbd4 Nd7 21. Nf5 Ndf6
22. Qc6 Qxc6 23. dxc6 Bf8 24. Nd2 Rc8 25. Bxa6 Rxc6 26. Bb5 Rb6 27. a4 d5 $17 {
Kruck,D-Feige,M/Oberhof/1999/}) 14. Qa3 Nxf2 $6 $146 {[%mdl 72] A surprising
tactical thrust in a well-known position, which hasn't occured until now. But
objectively Black's idea, although suprising and interesting, is probably
inferior to the simpler 13...Nd7!. In the following complications White at
first manages to keep his cool.} (14... Qb6 15. Nc3 Nxc3 16. Rxe8+ Bxe8 17.
bxc3 Nd7 18. Bf4 Qc7 19. Rb1 Nb6 20. c4 a5 21. Ng5 Nd7 22. Bf1 Ne5 23. Nf3
Nxf3+ 24. Qxf3 Rb8 25. Re1 Bd7 26. Qg3 Bf8 27. Bd3 Re8 28. Rf1 Ba4 29. h4 $36 {
Krasenkow,M-De Firmian,N/Polanica Zdroj/1995/}) (14... Bxb5 $6 {weakens the
light squares and enables White to realize his plan.} 15. Bxb5 {[%csl Ra4,Rc6,
Rd7]} Nd7 16. Bc6 Ra7 17. Re2 h6 18. Bf4 f5 {[%csl Re6]} 19. Rae1 Rf8 20. Bxd7
Qxd7 21. Nd2 $1 g5 22. Nxe4 gxf4 23. Nd2 Qb5 24. Qf3 Qxb2 25. Nc4 $16 {Wells,
P-Enklaar,B/Antwerp op/1996/}) 15. Rxe8+ (15. Kxf2 $143 Rxe1 16. Nxe1 (16. Kxe1
Qe8+ $17) 16... c4 17. Bxc4 Bxb5 18. Bxb5 Qb6+ $36 {[%csl Rf2] ->עf2}) 15...
Bxe8 16. Kxf2 c4 17. Qxd6 (17. Bxc4 {was interesting, but after} Bxb5 18. Bxb5
Qb6+ 19. Kg3 Qxb5 20. Qxd6 Nd7 21. Qc6 Rd8 $1 22. Qxb5 (22. Bg5 Qb8+ $44) 22...
axb5 23. Bg5 Ra8 $132 {Black manages to keep the balance.}) 17... Nd7 18. Bg5 (
18. Nc7 Ne5 $1 19. Qxd8 (19. Nxe8 $2 Nxd3+ 20. Kg1 Qxe8 $40) 19... Nxd3+ 20.
Ke2 Rxd8 $15) (18. Bxc4 axb5 19. Bb3 (19. Bxb5 $2 Bf8 20. Qf4 (20. Qc6 Nf6 $19)
20... Qb6+ 21. Nd4 Bc5 $17) 19... Bf8 {[%csl Rf2][%cal Rd7c5] /\Nc5|^,ע} (
19... Nf6 20. Qxd8 Rxd8 21. Bg5 $5 Ne4+ 22. Ke2 Nxg5 23. Nxg5 Bxb2 $11)) 18...
Qa5 (18... f6 $2 19. Nc7 Bf8 20. Bxf6 $1 Bxd6 (20... Nxf6 21. Qxd8 Rxd8 22.
Nxe8 $18) 21. Bxd8 Bxc7 22. Bxc7 $18) 19. Nc7 Bf8 20. Bd2 $6 {White decides to
simplify and release the tension.} (20. Qc6 Rc8 21. Nxe8 Rxc6 22. dxc6 Qb6+ {
is not so clear, White can have problems coordinating his pieces, also his K
is exposed.}) ({But 2 other Q moves seem more promising and could have left
White with a large material advantage.} 20. Qg3 Rc8 (20... Bc5+ 21. Kf1 cxd3
22. Nxa8 d2 23. Bxd2 Qb5+ 24. Ke1 Qxb2 25. Rc1 $18) 21. Nxe8 Rxe8 (21... cxd3
22. Nf6+ Nxf6 23. Bxf6 $16) 22. Bc2 Bc5+ (22... Qb6+ 23. Kf1 Qxb2 24. Re1 $18)
23. Kf1 c3 $5 24. a4 $1 (24. bxc3 $4 Qb5+ $19) 24... cxb2 25. Re1 $16 {/+-}) (
20. Qf4 $5 Qc5+ (20... Qb6+ $2 21. Kf1 Bd6 22. Nxa8) 21. Kf1 Bd6 22. Nxa6 $1
$16) 20... Bxd6 21. Bxa5 Bxc7 22. Bxc7 cxd3 23. Rd1 Nc5 24. Bb6 Ne4+ (24... Na4
$2 25. Bd4 {[%csl Ra4] /\b3+-}) 25. Ke3 Nf6 26. Rxd3 Bb5 27. Rd1 (27. Rd2 $142
Re8+ 28. Kd4 $1 (28. Kf4 $2 Nh5+ 29. Kg5 f6+ 30. Kh4 Re4+ 31. g4 h6 $1 $19 {
[%cal Rb5e8] /\Be8}) 28... Re4+ 29. Kc3 $14 {still gives White some edge.})
27... Re8+ 28. Kf2 Bc4 $1 (28... Re2+ 29. Kg1 Rxb2 $2 30. Bd4 $18) 29. d6 (29.
b3 Re2+ (29... Bxd5 $11) 30. Kf1 $5 Bb5 31. a4 Rd2+ 32. Ke1 Re2+ $11) 29... Nd7
30. Bc7 $6 {Starts tipping the scales in White's favour, here the B is out of
play.} (30. b3 Re2+ (30... Bxb3 $2 31. axb3 Nxb6 32. d7 $1 Rd8 33. Rd6 Nxd7 34.
Ne5 $18) 31. Kg3 Be6 $11) (30. Bd4 Bxa2 $11) 30... Re2+ 31. Kg1 Rxb2 32. a3 (
32. Re1 Rxa2 33. Re7 Bb5 34. Nd4 Ba4 $15) 32... f6 33. Rd4 (33. Re1 $5 $132)
33... Bb5 34. a4 Bc6 35. a5 Kf7 $36 {White is already in trouble. His o^ is
securely blockaded and Black's pieces are more active. In the following phase
of the game Black advances his >> pawn majority.} 36. Rd3 Bb5 37. Re3 Re2 38.
Rc3 (38. Rxe2 $142 Bxe2 39. Nd4 Bc4 $15 {[%csl Rd6][%cal Yd7e5,Ye5f7,Yf7e8,
Ye8d7] /\Ne5,Ke8-d7,Nf7,><d6}) 38... Re4 39. Bd8 g5 40. Rc2 h5 41. Kf2 g4 $1 (
41... Ke6 42. Rd2 {/\Nd4}) 42. hxg4 hxg4 43. Nh4 Ke6 44. Kg3 (44. g3 Ne5 $5 45.
Ng2 Nd3+ $40) 44... Ne5 (44... Kxd6 45. Nf5+ Ke6 46. Nh6 Ne5 47. Rf2 $132) 45.
Bb6 Nc4 46. Ng6 f5 $17 47. Kh4 $6 {[%csl Rh4] ע} g3+ $1 48. Kh3 (48. Kxg3 Rg4+
$19) (48. Kg5 $142 $8 Rg4+ 49. Kh6 Kxd6 $5 $19 (49... Nxb6 50. axb6 Kf6 51. b7
Rxg6+ 52. Kh5 Rg7 53. Rc7 Be8+ 54. Kh4 Rg4+ 55. Kh3 Rb4 56. d7 Bxd7 57. Rxd7
$11) (49... Nxd6 50. Nf8+ $1 Kf7 51. Rc7+ Kxf8 52. Bc5 $132)) 48... Rg4 49. Nh4
Nxd6 $19 {/\Ne4-g5#} 50. Nxf5 Kxf5 51. Rc3 (51. Rc5+ Kf4 52. Bc7 Rg6 53. Kh4 (
53. Rd5 Rh6+) 53... Be2 $19) 51... Rg7 52. Rf3+ Ke4 53. Re3+ (53. Rxg3 Rh7+ 54.
Kg4 Bd7+ 55. Kg5 Rg7+ 56. Kh4 Nf5+ $19) 53... Kf4 54. Rf3+ Ke5 (54... Ke5 55.
Re3+ Ne4 $19) 0-1

[Event "POL-ch 58th"]
[Site "Warsaw"]
[Date "2001.03.29"]
[Round "11"]
[White "Krasenkow, Michal"]
[Black "Gdanski, Jacek"]
[Result "1/2-1/2"]
[WhiteElo "2658"]
[BlackElo "2543"]
[Annotator "Stohl,I"]
[PlyCount "102"]
[EventDate "2001.03.18"]
[EventType "tourn"]
[EventRounds "13"]
[EventCountry "POL"]
[EventCategory "11"]
[SourceTitle "CBM 082"]
[Source "ChessBase"]
[SourceDate "2001.05.17"]
[SourceVersion "1"]
[SourceVersionDate "2001.05.17"]
[SourceQuality "1"]

1. d4 Nf6 2. c4 c5 3. d5 d6 4. Nc3 g6 5. e4 Bg7 6. h3 O-O 7. Nf3 e6 8. Bd3 exd5
9. cxd5 b5 10. Bxb5 Nxe4 11. Nxe4 Qa5+ 12. Nfd2 Qxb5 13. Nxd6 Qa6 14. N2c4 Nd7
15. O-O Nb6 16. Nxb6 Qxb6 17. Nxc8 Raxc8 18. Re1 ({White's main alternative is
} 18. Rb1 Rfd8 19. Bf4 Qb7 20. d6 Bf8 21. Qd3 Bxd6 22. Bxd6 Rc6 23. Rfd1 {
Now both Black's moves lead to slightly worse positions, which he nevertheless
should be able to hold with good defence:} Qd7 (23... Rcxd6 24. Qxd6 Rxd6 25.
Rxd6 c4 (25... Kg7 26. Rd2 Qa6 27. a3 Qc4 28. Re1 h5 29. Rde2 h4 30. Re4 Qb3
31. Rxh4 Qxb2 32. Rc4 Qxa3 33. Rec1 a5 34. Rxc5 a4 35. R5c3 Qb2 $11 {Kolev,
A-Suba,M/Mallorca/2000/}) 26. Rd2 c3 27. Rc2 Qe4 28. Rbc1 cxb2 29. Rxb2 h5 30.
Rbc2 h4 31. Rc4 Qe7 32. a4 Qg5 $5 (32... Kg7 33. Kf1 Qa3 34. Rd1 Qb3 35. Rcd4
Qc2 36. Re1 g5 37. Kg1 Qc3 38. Red1 Qc2 39. f4 gxf4 40. Rf1 $16 {Veingold,
A-Saldano,H/Alicante/2000/}) 33. Re1 Qd8 34. Rec1 Qd2 35. R4c2 Qb4 36. Rc4 Qd2
37. Rc5 Kg7 38. a5 a6 39. Rf1 Kh6 40. Rc4 Kh5 41. Rfc1 f5 $132 {Karpov,A-Van
Wely,L/Monte Carlo/1999/}) 24. Qa3 Rxd6 25. Rxd6 Qxd6 26. Qxa7 Re8 $1 (26...
Qd4 $6 27. Qe7 Ra8 28. a3 Rb8 29. b4 Qd3 30. Rc1 Qxa3 31. Rxc5 Qa1+ 32. Kh2 Qd4
33. b5 Qf4+ 34. Kg1 Ra8 35. Qe1 Qd4 36. Rc1 Rb8 37. Rb1 $16 {Seres,L-Vajda,S/
Budapest/2001/}) 27. Qa3 Re2 28. Qc3 Qb6 29. a4 c4 30. Rf1 Qb3 31. Rc1 Rxb2 (
31... Qxa4 $2 32. Qd4 $1 Qa6 33. Rxc4 Rxb2 34. Qd8+ Kg7 35. Rc8 $40 {Piket,
J-Topalov,V/Monte Carlo blind/2000/}) 32. Qxc4 Qxc4 33. Rxc4 Ra2 $14 {/=
Despite the extra P, R_|_ of this type are drawish.}) 18... c4 $2 $146 {
Not ideal, as now White retains an advantage.} (18... Rfd8 $142 19. Bg5 Rd7 20.
Qa4 Qd6 (20... Qb7 21. d6 Rxd6 22. Re8+ Bf8 23. Bh6 Rdd8 24. Rae1 Qb4 25. Qxb4
cxb4 26. Rxd8 Rxd8 27. Be3 $11 {1/2,Granados Gomez,M-Braga,F/Benasque/1999/})
21. Rad1 Bd4 22. Be3 Qxd5 23. b4 Rcd8 24. bxc5 {1/2,Sapis,W-Skrobek,R/Bielsko
Biala/1990/} Qxc5 25. Rc1 Qb6 26. Rc8 Kg7 $11) (18... Rfe8 19. Rxe8+ Rxe8 20.
Be3 (20. Rb1 $5) 20... Bd4 $5 (20... Qxb2 21. Rb1 Qxa2 22. Bxc5 Bc3 23. Qd3
Qxb1+ 24. Qxb1 Re1+ 25. Qxe1 Bxe1 26. Kf1 Ba5 27. Bxa7 Kf8 28. Ke2 Ke7 29. Bc5+
Kd7 30. Ke3 h5 $11 {Skalik,P-Robak,Z/Bielsko-Biala/1991/ White can't realize
his extra P in the B_|_, as Black has no weak points.}) 21. Qd2 Rd8 22. Rd1 $11
{1/2,Hauchard,A-Degraeve,J/Belfort/1998/}) 19. Re2 $1 Rfd8 (19... c3 $143 20.
bxc3 Bxc3 21. Be3 $16 {/\Rc1}) 20. Bg5 Rd7 (20... f6 $2 21. Be3 $16) 21. Qa4 (
21. Qe1 $142 $5 Bf8 (21... Qb8 22. Bf4 $1 Qa8 23. d6 $16) (21... Qb7 22. Re8+
Bf8 23. Bh6 Rdd8 24. Rxf8+ Rxf8 25. Qc3 $1 $18) 22. Rd1 $16) 21... Qb7 (21...
Rxd5 $2 22. Re8+ Rxe8 23. Qxe8+ Bf8 24. Be7 $18) 22. Rc1 (22. Rae1 h6 23. Bc1
Kh7 $5 $14 (23... Qxd5 24. Rd2 Bd4 25. Red1 Qe6 $1 26. b3 $1 $16)) 22... h6 23.
Be3 Rxd5 (23... Qxd5 $5 24. Rd2 Qxd2 25. Bxd2 Rxd2 $14) 24. Rxc4 Rxc4 25. Qxc4
Bxb2 26. Bxh6 (26. Rxb2 $4 Rd1+ $19) 26... Bf6 $16 {/+/= White has an extra
pawn and although his technical task is not easy, he can torture his opponent
practically for ever.} 27. Rd2 (27. Be3 Rd1+ 28. Kh2 Be5+ 29. f4 Bf6 $14) (27.
Qf4 $142 $5 $36 {More pieces on the board give White more attacking chances,
especially the exchange of R safegurds Black's K.}) 27... Rxd2 28. Bxd2 a6 29.
a4 Be5 30. f4 Qb6+ 31. Kh2 Bf6 32. Qe4 Kg7 33. Be3 Qd6 34. Qc4 Ba1 35. Bc5 (35.
Kg3 $142 $5 $14 {/+/- White needs his K to win the _|_.}) 35... Qf6 36. Qe4 Qc3
37. Bd6 Qb3 38. Be5+ {Otherwise White can't make any meaningful progress.} Bxe5
39. Qxe5+ Kg8 40. a5 Qc4 (40... Qd3 41. f5 $1 {/\} gxf5 $2 42. Qg3+ $18) (40...
Qc2 41. Kg3 $16) 41. f5 (41. Kg3 $142 $5 $14) 41... gxf5 42. Qxf5 Qc7+ 43. g3
Qd6 44. h4 Kg7 45. Kh3 Qc6 46. Kg4 Qd6 47. Kh3 Qc6 48. Qg5+ Kh7 49. Qe5 Qf3 $1
$132 {/+/=} 50. Qf4 $2 {It was already very difficult to indicate a concrete
plan for White, but this move draws immediately.} (50. Qe7 $142 Kg7 $5 $132 (
50... Qf5+ 51. Kg2 Qd5+ 52. Kf2 $14)) 50... Qxf4 $1 51. gxf4 Kg6 (51... Kg6 52.
Kg4 (52. Kg3 f5 $11) 52... f5+ 53. Kf3 Kh5 54. Kg3 (54. Ke3 Kxh4 55. Kd4 Kg3
56. Kc5 $8 (56. Ke5 $2 Kg4 57. Kd6 Kxf4 58. Kc6 Ke5 59. Kb6 f4 60. Kxa6 f3 61.
Kb7 f2 62. a6 f1=Q 63. a7 Qf7+ 64. Kb8 Kd6 $19) 56... Kxf4 57. Kb6 Ke3 58. Kxa6
f4 59. Kb7 f3 60. a6 $11) 54... Kg6 $11) 1/2-1/2

[Event "Lippstadt"]
[Site "Lippstadt"]
[Date "1994.??.??"]
[Round "10"]
[White "Boensch, Uwe"]
[Black "Matthias, Heiner"]
[Result "1-0"]
[WhiteElo "2535"]
[BlackElo "2320"]
[Annotator "Stohl,I"]
[PlyCount "85"]
[EventDate "1994.06.??"]
[EventType "tourn"]
[EventRounds "11"]
[EventCountry "GER"]
[EventCategory "8"]
[SourceTitle "CBM 043"]
[Source "ChessBase"]
[SourceDate "1994.12.01"]
[SourceVersion "1"]
[SourceVersionDate "1994.12.01"]
[SourceQuality "1"]

1. d4 e6 2. c4 c5 3. d5 exd5 4. cxd5 d6 5. Nc3 g6 6. e4 Bg7 7. Nf3 a6 8. a4 Nf6
9. h3 O-O 10. Bd3 Qc7 (10... Nh5 $142 11. g4 $5 Nf6 12. Bg5 Nbd7 13. Qd2 Re8
14. Kf1 c4 15. Bc2 Qb6 16. Rb1 Nc5 17. Qf4 Nfd7 18. Bh6 Bh8 19. Kg2 Ne5 20.
Nxe5 Bxe5 21. Qd2 Nb3 22. Bxb3 cxb3 23. Bf4 Bg7 24. Rhd1 Qb4 $13 {Moskalenko,
V-Dochev,P/Pardubice op/1994/}) (10... Re8 11. O-O c4 12. Bc2 Nbd7 13. Bf4 Nc5
14. Nd2 Qc7 15. Re1 Bd7 16. a5 Bb5 17. Nf3 Nh5 18. Be3 Bd7 19. Bd4 Bxd4 20.
Qxd4 $16 {Zimmerman,Y-Lengyel,B/Budapest FSFeb IM-A/1994/}) (10... Qe8 11. O-O
Nfd7 12. Bf4 Ne5 13. Nxe5 Bxe5 14. Bh6 Bg7 15. Bxg7 Kxg7 16. f4 Nd7 17. Qd2 f6
18. Nd1 Rb8 19. a5 c4 20. Bc2 $36 {Lobron,E-Armas,I/BL 9091/1991/}) 11. O-O (
11. Nd2 $6 Nbd7 12. Nc4 Nb6 13. O-O Nxc4 14. Bxc4 Re8 15. Re1 Rb8 16. f4 Nd7
17. Qf3 Nb6 18. Bd3 c4 19. Bc2 Nd7 20. e5 Nc5 $1 21. Be3 dxe5 22. f5 b5 $15 {
Aleksandrov,L-Cherepkov,A/Leningrad/1990/}) 11... c4 12. Bc2 Nbd7 13. Bf4 Ne8
$6 (13... Rb8 14. Re1 (14. a5 b5 15. axb6 Rxb6 16. Ra2 Re8 17. Re1 Nh5 $132)
14... Nh5 15. Bh2 b5 16. axb5 axb5 17. Nd4 $16) (13... Nh5 14. Bh2 Bh6 $5 $14)
14. Qd2 Rb8 15. a5 $1 b5 16. axb6 Rxb6 17. Ra2 Nc5 18. Be3 Bd7 19. Bd4 Bb5 (
19... Nf6 20. e5 dxe5 21. Nxe5 $16) 20. Re1 Bxd4 21. Qxd4 $16 {ק>>,(),[+]} f6
$8 22. Rea1 Ng7 23. Nh2 $1 Nd7 (23... Qe7 $5 {/\Qe5,f5}) 24. Nxb5 (24. f4 $5
Qc5 25. Nf3 Qxd4+ 26. Nxd4 $16) 24... axb5 25. Ra7 Rb7 $6 (25... Qc5 26. Qd2
Ne5 27. Ng4 $1 {/\Qh6} Nxg4 28. hxg4 Qc8 29. g5 $16) 26. Rxb7 Qxb7 27. Ra7 Qc8
28. Ng4 $40 h5 (28... Ne5 29. Nh6+ Kh8 30. Qb6 Qb8 31. Rb7 $18) 29. Rxd7 hxg4
30. Qa7 $1 (30. Rxd6 gxh3 31. gxh3 $16) 30... Ne8 31. hxg4 $18 b4 32. e5 $1
fxe5 33. Bxg6 Qc5 $8 34. Bf7+ Kh8 35. Qa1 $4 (35. Bxe8 Qxa7 $8 36. Rxa7 Rxe8
37. Rc7 $18 {_|_}) 35... Nf6 $1 36. Rb7 (36. Qc1 Nxg4 $36) 36... Nxg4 37. Qf1
c3 (37... Ra8 {/\Ra1-+} 38. Bg6 $1 Nxf2 $1 (38... Ra1 $4 39. Rh7+ $1 Kg8 40.
Qxa1 Qxf2+ 41. Kh1 $18) 39. Rf7 Ng4+ (39... Nd3+ 40. Kh2 Nf4 41. Qd1 $13 (41.
g3 $2 Ra1 $19)) 40. Kh1 Kg8 41. Bh7+ Kh8 42. Bg6 $10) 38. bxc3 bxc3 39. g3 Nxf2
$1 40. Kg2 (40. Qxf2 c2 $19) 40... c2 $4 (40... Qe3 $1 41. Qg1 Qe4+ $1 42. Kxf2
Qxd5 43. Qh2+ Kg7 $19) 41. Qc1 $1 $18 Ng4 $8 42. Qh1+ Kg7 43. Be6+ (43. Be6+
Kg6 (43... Kf6 44. Qh4+) 44. Qh7+ Kf6 45. Qf5#) 1-0